000 00215 a2200097 4500
001 11973
100 _aHenderson, W.,
245 _aThe moral foundation
260 _a
_bUniversity of Chiago
_c
090 _c9226
_d9226
942 _aNUST-CAE
_cM
_c36074
999 _c247046
_d247046